[Event "Catalunya-chT GpB final"]
[Site "Barcelona"]
[Date "2018.04.14"]
[Round "4.3"]
[White "Amigo Villalta, Jordi"]
[Black "Garcia Ramos, Daniel"]
[Result "1-0"]
[WhiteElo "2227"]
[BlackElo "2321"]
[PlyCount "45"]
[EventDate "2018.03.10"]
[EventType "team-tourn"]
[EventRounds "4"]
[EventCountry "ESP"]
[SourceTitle "EXT 2019"]
[Source "ChessBase"]
[SourceDate "2018.10.10"]
[SourceVersion "1"]
[SourceVersionDate "2018.10.10"]
[SourceQuality "1"]
[WhiteTeam "Catalunya"]
[BlackTeam "Peona I Peo"]
[WhiteTeamCountry "ESP"]
[BlackTeamCountry "ESP"]

1. d4 Nf6 2. c4 e6 3. g3 d5 4. Bg2 Bb4+ 5. Bd2 Be7 6. Nf3 0-0 7. 0-0 dxc4 8. Qc2 a6 9. Qxc4 b5 10. Qc2 Bb7 11. Rc1 Bd6 12. Bg5 Nbd7 13. Nbd2 c5 14. Bxf6 Qxf6 15. Ne5 Nxe5 16. dxe5 Bxe5 17. Bxb7 Ra7 18. Ne4 Qe7 19. Qxc5 Qxc5 20. Rxc5 Bxb2 21. Rb1 Ba3 22. Rc3 b4 23. Rd3 1-0

[Event "Catalunya-chT Gp2"]
[Site "Barcelona"]
[Date "2018.02.24"]
[Round "6.3"]
[White "Amigo Villalta, Jordi"]
[Black "Alonso Moyano, Jonathan"]
[Result "1/2-1/2"]
[WhiteElo "2227"]
[BlackElo "2411"]
[PlyCount "109"]
[EventDate "2018.01.20"]
[EventType "team-tourn"]
[EventRounds "7"]
[EventCountry "ESP"]
[SourceTitle "EXT 2019"]
[Source "ChessBase"]
[SourceDate "2018.10.10"]
[SourceVersion "1"]
[SourceVersionDate "2018.10.10"]
[SourceQuality "1"]
[WhiteTeam "Catalunya"]
[BlackTeam "Barbera"]
[WhiteTeamCountry "ESP"]
[BlackTeamCountry "ESP"]

1. d4 f5 2. Qd3 d5 3. g4 fxg4 4. h3 g3 5. fxg3 Nf6 6. Bg2 Nc6 7. Nc3 e6 8. Bg5 Nb4 9. Qd2 Bd6 10. 0-0-0 c5 11. e4 cxd4 12. Nb5 Nxa2+ 13. Kb1 Nc3+ 14. Nxc3 dxc3 15. Qxc3 h6 16. Bf4 Bxf4 17. gxf4 0-0 18. Qe5 Qe8 19. Ne2 Bd7 20. Rhg1 Qf7 21. exd5 exd5 22. Bxd5 Nxd5 23. Qxd5 Qxd5 24. Rxd5 Bxh3 25. Rh5 Rae8 26. Rxh3 Rxe2 27. Rxh6 Rxf4 28. Rhg6 Re7 29. b3 Kh7 30. R6g3 Rf6 31. Kb2 Rh6 32. Ra1 a6 33. Rag1 g6 34. Rg5 Rf7 35. Kc3 Rh5 36. R5g2 g5 37. Kd4 Kh6 38. Ke5 Kg6 39. Ke6 Rc7 40. c4 Rc5 41. Rg4 a5 42. R1g3 Rh2 43. Rd4 Re2+ 44. Kd6 Rc6+ 45. Kd7 Kh6 46. Rh3+ Kg6 47. Rd5 a4 48. Rg3 axb3 49. Rdxg5+ Kf6 50. Rg6+ Ke5 51. Rxc6 bxc6 52. Kxc6 b2 53. Rb3 Kd4 54. c5 Rc2 55. Kb6 1/2-1/2

[Event "Catalunya-chT Gp2"]
[Site "Barcelona"]
[Date "2018.02.17"]
[Round "5.3"]
[White "Valle Maytin, Luis Enrique"]
[Black "Amigo Villalta, Jordi"]
[Result "1-0"]
[WhiteElo "2256"]
[BlackElo "2227"]
[PlyCount "101"]
[EventDate "2018.01.20"]
[EventType "team-tourn"]
[EventRounds "7"]
[EventCountry "ESP"]
[SourceTitle "EXT 2019"]
[Source "ChessBase"]
[SourceDate "2018.10.10"]
[SourceVersion "1"]
[SourceVersionDate "2018.10.10"]
[SourceQuality "1"]
[WhiteTeam "Gerunda"]
[BlackTeam "Catalunya"]
[WhiteTeamCountry "ESP"]
[BlackTeamCountry "ESP"]

1. d4 Nf6 2. Nf3 e6 3. g3 b6 4. Bg2 Bb7 5. 0-0 Be7 6. c4 0-0 7. Nc3 Ne4 8. Qc2 Nxc3 9. Qxc3 d6 10. b3 c5 11. Bb2 Bf6 12. Qc2 Nc6 13. Rad1 Qe7 14. e3 Rfd8 15. Qb1 d5 16. cxd5 exd5 17. dxc5 bxc5 18. Bxf6 Qxf6 19. Rc1 Ba6 20. Rfe1 Nb4 21. Rcd1 Rab8 22. a3 Nc6 23. Qc2 c4 24. b4 Bc8 25. Nd4 Ne5 26. Rd2 Bg4 27. h3 Nd3 28. Rxd3 cxd3 29. Qxd3 Bh5 30. f4 a5 31. b5 Qg6 32. Qxg6 Bxg6 33. Nc6 Re8 34. Nxb8 Rxb8 35. Bxd5 Rxb5 36. e4 Kf8 37. Kf2 f5 38. exf5 Bxf5 39. Bg2 a4 40. g4 Bd3 41. Be4 Rb2+ 42. Ke3 Bc4 43. Kd4 Bb3 44. Bxh7 Kf7 45. Be4 Ra2 46. Re3 Rxa3 47. Bd5+ Kf8 48. f5 g6 49. fxg6 Kg7 50. Ke5 Kxg6 51. Kf4 1-0

[Event "Barcelona Sant Marti op-A 16th"]
[Site "Barcelona"]
[Date "2014.07.21"]
[Round "9"]
[White "Sanchez Enriquez, Oscar Gerardo"]
[Black "Amigo Villalta, Jordi"]
[Result "0-1"]
[WhiteElo "2401"]
[BlackElo "2231"]
[PlyCount "82"]
[EventDate "2014.07.13"]
[EventType "swiss"]
[EventRounds "9"]
[EventCountry "ESP"]
[SourceTitle "CBM 161 Extra"]
[Source "ChessBase"]
[SourceDate "2014.08.29"]
[SourceVersion "1"]
[SourceVersionDate "2014.08.29"]
[SourceQuality "1"]

1. d4 g6 2. e4 Bg7 3. Nc3 d6 4. Bg5 Nd7 5. Qd2 h6 6. Be3 e6 7. 0-0-0 Ne7 8. h4 a6 9. h5 g5 10. e5 Nf5 11. exd6 cxd6 12. g4 Nxe3 13. fxe3 e5 14. Nf3 Qa5 15. Bc4 exd4 16. exd4 0-0 17. Nd5 Qxd2+ 18. Kxd2 Nf6 19. Nxf6+ Bxf6 20. Rhg1 Re8 21. Bd5 Ra7 22. c3 b6 23. Rdf1 Kg7 24. Rf2 Bd8 25. Nh2 Rae7 26. Rgf1 f6 27. Bc4 Re3 28. Bd3 d5 29. Bg6 R8e7 30. Bd3 a5 31. Bb5 Rh3 32. Nf3 Bxg4 33. Ng1 Rxh5 34. Rxf6 Rh2+ 35. R6f2 Rxf2+ 36. Rxf2 Bc7 37. Ne2 Rf7 38. Rg2 Bf3 39. Rg1 Bh2 40. Re1 g4 41. Bd3 Kf6 0-1

[Event "Barcelona Sant Marti op-A 16th"]
[Site "Barcelona"]
[Date "2014.07.20"]
[Round "8"]
[White "Amigo Villalta, Jordi"]
[Black "Gomez Jurado, Luis Alberto"]
[Result "1-0"]
[WhiteElo "2231"]
[BlackElo "2304"]
[PlyCount "123"]
[EventDate "2014.07.13"]
[EventType "swiss"]
[EventRounds "9"]
[EventCountry "ESP"]
[SourceTitle "CBM 161 Extra"]
[Source "ChessBase"]
[SourceDate "2014.08.29"]
[SourceVersion "1"]
[SourceVersionDate "2014.08.29"]
[SourceQuality "1"]

1. d4 d5 2. c4 c6 3. Nf3 Nf6 4. e3 Bf5 5. Nc3 e6 6. Nh4 Be4 7. Qb3 b6 8. cxd5 exd5 9. f3 Bg6 10. e4 dxe4 11. Nxg6 hxg6 12. Bc4 Qc7 13. fxe4 b5 14. Nxb5 cxb5 15. Bxb5+ Nbd7 16. e5 Rb8 17. 0-0 Kd8 18. Qd3 Qb6 19. Bxd7 Nxd7 20. Rxf7 Nxe5 21. Bg5+ Ke8 22. Qe4 Kxf7 23. Qd5+ Ke8 24. Re1 Qd6 25. Rxe5+ Kd7 26. Qf7+ Kc6 27. Re6 Qxe6 28. Qxe6+ Bd6 29. Bf4 Rhd8 30. Qc4+ Kd7 31. Qf7+ Kc6 32. d5+ Kb5 33. a4+ Kb4 34. Bxd6+ Rxd6 35. Qxa7 Rbd8 36. Qd4+ Ka5 37. b3 Rxd5 38. Qc3+ Kb6 39. h3 R8d7 40. b4 g5 41. Qc4 Kb7 42. a5 R7d6 43. b5 Rd2 44. Kh2 R2d5 45. Kg3 Rd3+ 46. Kf2 R3d5 47. Kf3 Rf5+ 48. Kg3 Rfd5 49. Kh2 g6 50. Kg3 Rd3+ 51. Kf2 R3d5 52. Kf3 Rd3+ 53. Ke4 Rd1 54. Ke5 Rd7 55. Qc6+ Kb8 56. Ke6 Rc7 57. Qf3 Rd8 58. b6 Re8+ 59. Kf6 Rf8+ 60. Kxg6 Rg8+ 61. Kh5 Rb7 62. Kg4 1-0

[Event "Barcelona Sant Marti op-A 16th"]
[Site "Barcelona"]
[Date "2014.07.19"]
[Round "7"]
[White "Akshat, Khamparia"]
[Black "Amigo Villalta, Jordi"]
[Result "1-0"]
[WhiteElo "2367"]
[BlackElo "2231"]
[PlyCount "93"]
[EventDate "2014.07.13"]
[EventType "swiss"]
[EventRounds "9"]
[EventCountry "ESP"]
[SourceTitle "CBM 161 Extra"]
[Source "ChessBase"]
[SourceDate "2014.08.29"]
[SourceVersion "1"]
[SourceVersionDate "2014.08.29"]
[SourceQuality "1"]

1. d4 d5 2. c4 c6 3. Nf3 Nf6 4. Qc2 dxc4 5. Qxc4 b5 6. Qd3 e6 7. g3 a6 8. Bg2 c5 9. 0-0 Bb7 10. a4 c4 11. Qd1 Nc6 12. Re1 Bb4 13. Nc3 0-0 14. e4 Ba5 15. e5 Nd5 16. Bd2 b4 17. Ne4 c3 18. Bg5 Qb6 19. b3 h6 20. Be3 Nce7 21. Qc2 Bc6 22. g4 Rac8 23. h4 Nxe3 24. fxe3 Bxe4 25. Qxe4 c2 26. Rac1 Rc3 27. Nd2 Qc6 28. Qxc6 Nxc6 29. Bxc6 Rxc6 30. Ne4 Rfc8 31. Re2 Bd8 32. h5 Bg5 33. Kf2 Rc3 34. Nxc3 Rxc3 35. Rcxc2 Rxb3 36. Rb2 Bxe3+ 37. Kf3 Rxb2 38. Rxb2 Bxd4 39. Rxb4 Bxe5 40. Rc4 g6 41. hxg6 fxg6 42. Re4 Bc3 43. Rxe6 a5 44. Rxg6+ Kh7 45. Rc6 Bb4 46. Kf4 Kg7 47. Kf5 1-0

[Event "Vallfogona rapid op 21st"]
[Site "Vallfogona de Balaguer"]
[Date "2013.09.22"]
[Round "11"]
[White "Amigo Villalta, Jordi"]
[Black "Rojas Keim, Luis Alberto"]
[Result "0-1"]
[WhiteElo "2231"]
[BlackElo "2408"]
[PlyCount "69"]
[EventDate "2013.09.21"]
[EventType "swiss (rapid)"]
[EventRounds "11"]
[EventCountry "ESP"]
[SourceTitle "EXT 2014"]
[Source "ChessBase"]
[SourceDate "2013.11.20"]
[SourceVersion "1"]
[SourceVersionDate "2013.11.20"]
[SourceQuality "1"]

1. d4 Nf6 2. c4 e6 3. g3 c5 4. d5 exd5 5. cxd5 d6 6. Nc3 g6 7. Bg2 Bg7 8. Nf3 0-0 9. 0-0 Na6 10. Nd2 Nc7 11. a4 b6 12. e4 Rb8 13. f4 a6 14. Nf3 b5 15. axb5 Nxb5 16. e5 Nd7 17. e6 Nxc3 18. bxc3 fxe6 19. dxe6 Nb6 20. Re1 Re8 21. f5 Bxc3 22. Bg5 Qc7 23. Qb3 Bxa1 24. Rxa1 gxf5 25. e7+ c4 26. Qd1 Rxe7 27. Nd4 Rf7 28. Nc6 Bb7 29. Nxb8 Qxb8 30. Rb1 Bxg2 31. Kxg2 Qa8+ 32. Kh3 Qc6 33. Qd4 Nd7 34. Qa7 Qe4 35. Rb8+ 0-1

[Event "Foment Martinenc op-A 15th"]
[Site "Barcelona"]
[Date "2013.05.04"]
[Round "3"]
[White "Valencia Jimenez, Jose"]
[Black "Amigo Villalta, Jordi"]
[Result "0-1"]
[WhiteElo "2056"]
[BlackElo "2207"]
[PlyCount "46"]
[EventDate "2013.04.20"]
[EventType "swiss"]
[EventRounds "9"]
[EventCountry "ESP"]
[SourceTitle "CBM 154 Extra"]
[Source "ChessBase"]
[SourceDate "2013.06.25"]
[SourceVersion "2"]
[SourceVersionDate "2013.06.25"]
[SourceQuality "1"]

1. d4 d5 2. c4 c6 3. Nc3 Nf6 4. Nf3 a6 5. cxd5 cxd5 6. Bf4 Nc6 7. e3 Bg4 8. Bd3 e6 9. Qb3 Bxf3 10. gxf3 Ra7 11. Rc1 Bd6 12. Bxd6 Qxd6 13. f4 0-0 14. 0-0 b5 15. Qd1 Raa8 16. a4 b4 17. Nb1 Rfc8 18. Nd2 Na5 19. Qe2 g6 20. Nf3 b3 21. Ne5 Nd7 22. Bxa6 Rxc1 23. Rxc1 Nxe5 0-1

[Event "Barcelona Vila de Gracia op 6th"]
[Site "Barcelona"]
[Date "2012.09.28"]
[Round "1"]
[White "Cuxart Taltavull, Albert"]
[Black "Amigo Villalta, Jordi"]
[Result "0-1"]
[WhiteElo "1830"]
[BlackElo "2243"]
[PlyCount "48"]
[EventDate "2012.09.28"]
[EventType "swiss"]
[EventRounds "9"]
[EventCountry "ESP"]
[SourceTitle "EXT 2015"]
[Source "ChessBase"]
[SourceDate "2014.11.20"]
[SourceVersion "1"]
[SourceVersionDate "2014.11.20"]
[SourceQuality "1"]

1. c4 e5 2. Nc3 Bb4 3. Nf3 Bxc3 4. bxc3 d6 5. g3 f5 6. Bg2 Nf6 7. 0-0 0-0 8. c5 e4 9. Nd4 dxc5 10. Qb3+ Kh8 11. Ne6 Bxe6 12. Qxe6 Qd7 13. Qxd7 Nbxd7 14. Rb1 b6 15. d3 Rae8 16. Bf4 Nd5 17. Bd2 Ne5 18. dxe4 Nc4 19. Be1 fxe4 20. Bh3 Rf6 21. Rd1 c6 22. Bd7 Ref8 23. Bxc6 Nde3 24. Rd8 Rxd8 0-1

[Event "Balaguer op 17th"]
[Site "Balaguer"]
[Date "2012.06.21"]
[Round "6"]
[White "Amigo Villalta, Jordi"]
[Black "Aloma Vidal, Roberto"]
[Result "0-1"]
[WhiteElo "2242"]
[BlackElo "2400"]
[PlyCount "76"]
[EventDate "2012.06.16"]
[EventType "swiss"]
[EventRounds "9"]
[EventCountry "ESP"]
[SourceTitle "EXT 2013"]
[Source "ChessBase"]
[SourceDate "2012.11.22"]
[SourceVersion "1"]
[SourceVersionDate "2012.11.22"]
[SourceQuality "1"]

1. d4 d5 2. c4 dxc4 3. e3 e5 4. Bxc4 exd4 5. exd4 Nf6 6. Nf3 Bd6 7. 0-0 0-0 8. Nc3 Nc6 9. h3 h6 10. Re1 Re8 11. Bd2 Bf5 12. Qb3 Qd7 13. Bb5 Bxh3 14. gxh3 Qxh3 15. Ne2 Rxe2 16. Bxc6 Rxe1+ 17. Bxe1 bxc6 18. Ne5 Qh5 19. Qf3 Qxf3 20. Nxf3 Rb8 21. b3 Rb6 22. Rc1 Ra6 23. Rc2 Nd5 24. Bd2 f6 25. Nh4 Kf7 26. Kg2 g6 27. Kf3 h5 28. Ke4 Bb4 29. Be3 Nc3+ 30. Kd3 Nd5 31. f4 Bd6 32. Ke4 Rxa2 33. Rxc6 Nxe3 34. Kxe3 Ra3 35. Rc3 a5 36. Rd3 a4 37. bxa4 Bxf4+ 38. Ke4 f5+ 0-1

[Event "Barcelona op 09"]
[Site "Barcelona"]
[Date "2011.11.04"]
[Round "6"]
[White "Amigo Villalta, Jordi"]
[Black "Asis Gargatagli, Hipolito"]
[Result "1/2-1/2"]
[WhiteElo "2251"]
[BlackElo "2444"]
[PlyCount "40"]
[EventDate "2011.09.30"]
[EventType "swiss"]
[EventRounds "6"]
[EventCountry "ESP"]
[SourceTitle "EXT 2013"]
[Source "ChessBase"]
[SourceDate "2012.11.22"]
[SourceVersion "1"]
[SourceVersionDate "2012.11.22"]
[SourceQuality "1"]

1. d4 Nf6 2. c4 g6 3. g3 Bg7 4. Bg2 d5 5. cxd5 Nxd5 6. Nf3 Nb6 7. 0-0 Nc6 8. e3 0-0 9. Nc3 Re8 10. a4 a5 11. b3 e5 12. Ra2 exd4 13. Nxd4 Nxd4 14. exd4 c6 15. Be3 Be6 16. d5 Nxd5 17. Nxd5 Bxd5 18. Bxd5 Qxd5 19. Qxd5 cxd5 20. Rd2 d4 1/2-1/2

[Event "ESP-ch Student"]
[Site "Cartagena"]
[Date "2007.05.07"]
[Round "2"]
[White "Amigo Villalta, Jordi"]
[Black "Engo Pardo, Javier"]
[Result "0-1"]
[WhiteElo "2192"]
[BlackElo "2072"]
[PlyCount "44"]
[EventDate "2007.05.06"]
[EventType "swiss"]
[EventRounds "9"]
[EventCountry "ESP"]
[SourceTitle "CBM 118 Extra"]
[Source "ChessBase"]
[SourceDate "2007.07.04"]
[SourceVersion "1"]
[SourceVersionDate "2007.07.04"]
[SourceQuality "1"]

1. d4 Nf6 2. Bg5 g6 3. Bxf6 exf6 4. e3 Bg7 5. Bd3 f5 6. Nd2 b6 7. Qf3 Nc6 8. c3 Bb7 9. Ne2 Qc8 10. e4 0-0 11. Qf4 fxe4 12. Nxe4 Qd8 13. 0-0-0 d5 14. Nd2 Na5 15. h4 c5 16. h5 Re8 17. hxg6 hxg6 18. dxc5 bxc5 19. Qg4 d4 20. c4 Nc6 21. Nf4 Ne5 22. Qh3 Qf6 0-1

[Event "ESP-ch U18"]
[Site "Mondariz"]
[Date "2003.07.30"]
[Round "3.3"]
[White "Amigo Villalta, Jordi"]
[Black "Llobel Cortell, Enrique"]
[Result "0-1"]
[WhiteElo "2130"]
[BlackElo "2389"]
[PlyCount "90"]
[EventDate "2003.07.28"]
[EventType "swiss"]
[EventRounds "8"]
[EventCountry "ESP"]
[SourceTitle "CBM 095 Extra"]
[Source "ChessBase"]
[SourceDate "2003.09.04"]
[SourceVersion "1"]
[SourceVersionDate "2003.09.04"]
[SourceQuality "1"]

1. d4 d6 2. c4 e5 3. d5 Be7 4. Nc3 Nf6 5. e4 0-0 6. Be2 a5 7. Nf3 Na6 8. 0-0 c6 9. h3 Nc5 10. Qc2 cxd5 11. cxd5 Bd7 12. Be3 Rc8 13. Nd2 b5 14. Qb1 b4 15. Nb5 Ne8 16. Rc1 f5 17. Bxc5 dxc5 18. a4 Bg5 19. Rd1 Bxd2 20. Rxd2 Qg5 21. Rd1 fxe4 22. Qxe4 Bxh3 23. d6 Nf6 24. Qc4+ Kh8 25. g3 Ng4 26. Bxg4 Bxg4 27. d7 Rcd8 28. Qxc5 Bxd1 29. Rxd1 Qf5 30. Rd5 h6 31. Nd6 Qxd7 32. Qxa5 Ra8 33. Nc4 Qf5 34. Qb6 Rxa4 35. Nxe5 Ra1+ 36. Kg2 Qe4+ 37. f3 Qc2+ 38. Qf2 Qxf2+ 39. Kxf2 Rc8 40. Rd2 Rac1 41. Nd3 R1c2 42. Ke2 b3 43. Rxc2 Rxc2+ 44. Ke3 Kg8 45. g4 Kf7 0-1

[Event "Andorra op 21st"]
[Site "Andorra"]
[Date "2003.07.08"]
[Round "4"]
[White "Rodriguez Guerrero, Enrique"]
[Black "Amigo Villalta, Jordi"]
[Result "1/2-1/2"]
[WhiteElo "2500"]
[BlackElo "2130"]
[PlyCount "128"]
[EventDate "2003.07.05"]
[EventType "swiss"]
[EventRounds "9"]
[EventCountry "AND"]
[SourceTitle "CBM 095 Extra"]
[Source "ChessBase"]
[SourceDate "2003.09.04"]
[SourceVersion "1"]
[SourceVersionDate "2003.09.04"]
[SourceQuality "1"]

1. e4 c5 2. Nc3 Nc6 3. Nge2 g6 4. d4 cxd4 5. Nxd4 Bg7 6. Be3 Nf6 7. Bc4 0-0 8. Bb3 d6 9. f3 Bd7 10. Qd2 Nxd4 11. Bxd4 b5 12. Nd5 Nxd5 13. Bxg7 Kxg7 14. exd5 e5 15. dxe6 Bxe6 16. 0-0-0 Bxb3 17. axb3 Re8 18. Qxd6 Qa5 19. Kb1 Re2 20. h4 h5 21. b4 Qa4 22. Qc6 Rae8 23. Qc3+ Kh7 24. Rd7 Kg8 25. g4 a5 26. b3 axb4 27. Qf6 Re1+ 28. Rd1 Rxh1 29. Rxh1 Qa7 30. gxh5 Ra8 31. Re1 Qa2+ 32. Kc1 Qa1+ 33. Qxa1 Rxa1+ 34. Kd2 Rxe1 35. Kxe1 gxh5 36. Kd2 Kf8 37. Kd3 Ke7 38. Ke3 f5 39. Kd4 Ke6 40. Kc5 Ke5 41. Kxb4 Kf4 42. c4 bxc4 43. bxc4 Kxf3 44. c5 Kg2 45. c6 f4 46. c7 f3 47. c8Q f2 48. Qg8+ Kh2 49. Qf7 Kg2 50. Qg6+ Kh2 51. Qf5 Kg2 52. Qe4+ Kg1 53. Qe3 Kg2 54. Qe2 Kg1 55. Qxh5 f1Q 56. Kc5 Qd3 57. Qe5 Qc2+ 58. Kd5 Qb3+ 59. Ke4 Qc2+ 60. Kd5 Qb3+ 61. Kd6 Qb6+ 62. Kd7 Qb7+ 63. Ke6 Qc8+ 64. Kf7 Qc4+ 1/2-1/2

[Event "Catalunya-ch U20"]
[Site "Barcelona"]
[Date "2003.04.??"]
[Round "2"]
[White "Roiget Pla, Robert"]
[Black "Amigo Villalta, Jordi"]
[Result "0-1"]
[WhiteElo "2120"]
[BlackElo "2185"]
[PlyCount "76"]
[EventDate "2003.04.??"]
[EventType "swiss"]
[EventRounds "9"]
[EventCountry "ESP"]
[SourceTitle "EXT 2004"]
[Source "ChessBase"]
[SourceDate "2003.11.25"]
[SourceVersion "1"]
[SourceVersionDate "2003.11.25"]
[SourceQuality "1"]

1. d4 Nf6 2. Nc3 d5 3. Bg5 Nbd7 4. Qd2 e6 5. Nf3 Be7 6. 0-0-0 b6 7. Ne5 Nxe5 8. dxe5 Nd7 9. Bxe7 Qxe7 10. Qf4 Bb7 11. e4 0-0-0 12. Bb5 c6 13. Be2 a6 14. Rhe1 Kb8 15. Qg3 Ka7 16. f4 Nc5 17. exd5 cxd5 18. Bf3 g6 19. Qf2 Rc8 20. Kb1 Rc7 21. Rd4 Rhc8 22. Re2 Kb8 23. g4 b5 24. Qe3 Nd7 25. f5 b4 26. Na4 Bc6 27. f6 Qf8 28. Qb3 a5 29. c3 Bxa4 30. Qxa4 Qc5 31. Rd3 Qb6 32. Qc2 bxc3 33. Rd1 Rb7 34. b3 a4 35. Kc1 axb3 36. axb3 Nc5 37. Qa2 Nxb3+ 38. Kc2 Nd4+ 0-1